LEADER 01120cam0 22002773 450 001 SOB004084 005 20230504091621.0 010 $a8814086508 100 $a20040211d2000 |||||ita|0103 ba 101 $aita 102 $aIT 200 1 $a<>regionalismo differenziato$ela politica delle differenze$ela welfare society e le prospettive del regionalismo italiano anche nel confronto con la riforma del regime speciale per il T.A.A.$fLuca Antonini 210 $aMilano$cGiuffrè$d2000 215 $aXII, 418 p.$d24 cm 225 2 $aUniversità degli Studi di Milano$eFacoltà di Giurisprudenza$v45 410 1$1001LAEC00015426$12001 $a*Università degli Studi di Milano : Facoltà di Giurisprudenza$v45 700 1$aAntonini$b, Luca$3AF00005392$4070$0237555 801 0$aIT$bUNISOB$c20230504$gRICA 850 $aUNISOB 852 $aUNISOB$j340$m104575 912 $aSOB004084 940 $aM 102 Monografia moderna SBN 941 $aM 957 $a340$b003007$gSI$d104575$1carrano$2UNISOB$3UNISOB$420120427150431.0$520120427150604.0$6carrano 996 $aRegionalismo differenziato$9703333 997 $aUNISOB LEADER 01090nam0 22002891i 450 001 RML0296324 005 20231121125739.0 010 $a8811584558 100 $a20121121d1991 ||||0itac50 ba 101 | $aita 102 $ait 181 1$6z01$ai $bxxxe 182 1$6z01$an 200 1 $aBouvard e Pècuchet$fGustave Flaubert$gIntroduzione e traduzione di Bruno Nacci 210 $aMilano $cGarzanti $d©1991 215 $aXXV,283 p.$d19 cm 225 | $a˜I œgrandi libri Garzanti$c- Cernusco $eGarzanti $v455 410 0$1001RML0330423$12001 $a˜I œgrandi libri Garzanti$c- Cernusco $eGarzanti $v455 700 1$aFlaubert$b, Gustave$3RMLV172700$0142392 801 3$aIT$bIT-01$c20121121 850 $aIT-FR0017 899 $aBiblioteca umanistica Giorgio Aprea$bFR0017 912 $aRML0296324 950 0$aBiblioteca umanistica Giorgio Aprea$d 52CIS 7/1659$e 52VM 0000660835 VM barcode:00042860. - Inventario:15611 FLSVM$fA $h20070207$i20121204 977 $a 52 996 $aBouvard et Pécuchet$917630 997 $aUNICAS